Loading...
| MB | 1 | 3 | 0 | 3 | 45 | 17 | 86.75 | 1 | 1 | 0.00 | 0.00 |
| AG | 0 | 2 | 0 | 0 | 20 | 79 | 83.50 | 0 | 2 | 0.00 | 0.00 |
| RC | 0 | 2 | 1 | 0 | 15 | 119 | 125.00 | 0 | 2 | 0.00 | 0.00 |
| AR | 0 | 1 | 0 | 0 | 10 | 78 | 78.00 | 1 | 1 | 0.00 | 0.00 |
| DM | 0 | 1 | 0 | 0 | 10 | 64 | 64.00 | 1 | 1 | 0.00 | 0.00 |
| TR | 0 | 1 | 0 | 0 | 10 | 124 | 124.00 | 0 | 1 | 0.00 | 0.00 |
| MB | The Trojan Women | 15 | 17 |
| DM | Art Blakey | 10 | 64 |
| AR | Blithe Spirit | 10 | 78 |
| AG | The Pillow Book | 10 | 79 |
| AG | Jean Rhys | 10 | 88 |
| MB | Obi Okonkwo | 10 | 89 |
| RC | “The Custom-House” | -5 | 108 |
| MB | Titus Maccius Plautus | 10 | 118 |
| RC | Stephen Crane | 10 | 119 |
| MB | Iris | 10 | 123 |